000
00286nam a22001337a 4500
003
SGT
020
_a
817409073-8
082
_a
621.042
_b
N18R
100
_a
RAI, G.D
245
_a
NON-CONVENTIONAL ENERGY SOURCES
260
_a
DELHI
_b
KHANNA
_c
2018
300
_a
696
942
_2
ddc
_c
BK
_0
3
999
_c
17015
_d
17015